الدكتور توفيق الطويل : (Record no. 15698)
[ view plain ]
| 000 -الفاتح | |
|---|---|
| حقل البيانات ثابتة الطول | 00785nam a22001817a 4500 |
| 008 - عناصر البيانات ثابتة الطول - معلومات عامة | |
| حقل البيانات ثابتة الطول | 110718s1995 ua|||||r|||| 010 0 ara d |
| 020 ## - الرقم الدولى المعيارى للكتب | |
| الرقم الدولى المعيارى للكتاب | 97723549261 |
| 082 ## - رقم تصنيف ديوى العشرى | |
| رقم الطبعة | 22 |
| رقم المادة | ت و ف |
| رقم التصنيف | 170 |
| 245 ## - بيان العنوان | |
| العنوان | الدكتور توفيق الطويل : |
| بقية العنوان | مفكرًا عربيًا ورائدًا للفلسفة الخلقية : بحوث عنه ودراسات مهداة إليه / |
| بيان المسئوليه,etc | إشراف وتصدير عاطف العراقي |
| 260 ## - PUBLICATION, DISTRIBUTION, ETC. (IMPRINT) | |
| مكان الناشر او الموزع | القاهرة : |
| اسم الناشر او الموزع | المجلس الأعلى للثقافة، 1995 |
| تاريخ النشر أو التوزيع | 1995 |
| 300 ## - الوصف المادى | |
| التعداد | 275 ص ؛ |
| أبعاد الوعاء | 25 سم |
| 600 ## - المدخل الاضافى بالموضوع-اسم شخصى | |
| 9 (RLIN) | 26323 |
| الإسم الشخصى | الطويل، توفيق |
| التواريخ المصاحبة للاسم | 1909-1991 |
| 650 ## - المدخل الاضافى بالموضوع-مصطلح موضوعى | |
| 9 (RLIN) | 15106 |
| مصطلح موضوعي أو اسم جغرافي كعنصر مدخل | الأخلاق، علم |
| 650 ## - المدخل الاضافى بالموضوع-مصطلح موضوعى | |
| 9 (RLIN) | 189 |
| مصطلح موضوعي أو اسم جغرافي كعنصر مدخل | الفلسفة |
| 653 ## - مصطلح تكشيفى غير مقيد | |
| Resource For college | |
| Arrived date list | July2011 |
| 700 ## - المدخل الاضافى - اسم شخصى | |
| 9 (RLIN) | 26322 |
| الإسم الشخصى | العراقي، عاطف |
| الدور | مشرف |
| 942 ## - عناصر المدخل الإضافي( كوها) | |
| مصدر التصنيف او مخطط الترفيف | Dewey Decimal Classification |
| Koha [default] item type | Book - Borrowing |
| حالة التراجع | حالة الفقد | مصدر التصنيف او خطة الترفيف | حالة تلف | ليس للاعارة | مجموعات كوها | المكان الدائم | المكان الحالي | موقع الترفيف | تاريخ الاكتساب | Source of acquisition | رقم الاستدعاء | الباركود | Date last seen | نوع الوعاء |
|---|---|---|---|---|---|---|---|---|---|---|---|---|---|---|
| Dewey Decimal Classification | Alef-Baa | Central Library | Central Library | Lower Floor | 18/07/2011 | 170 ت و ف | 000024378 | 15/07/2025 | Book - Borrowing |